| 000 | 00294 a2200121 4500 | ||
|---|---|---|---|
| 001 | 71287 | ||
| 082 | _a004 NOR | ||
| 090 |
_c38755 _d38755 |
||
| 100 | _aNorton's Peter | ||
| 245 |
_aIntroduction to Computer 5th Edition _hEnglish |
||
| 260 |
_aNew York _bMcgraw Hill _c2002 |
||
| 300 | _a671p | ||
| 942 |
_aCAE NUST _cTXT _k004 NOR |
||
| 999 |
_c306360 _d306360 |
||